000 00587nam a2200205Ia 4500
005 20250508152113.0
008 008 250505s9999 xx 000 0 eng d
037 _aTextual
040 _aFEDL
_beng
_cFEDL
041 _aeng
_2eng
084 _a330.9, MEI
_qFEDL
100 _aMeier Gerald M.
245 0 _aEconomic development : Theory, history, policy
260 _aNew York, USA
_bJohn Wiley and Sons, Inc.
_c1957
300 _axix,588p
650 _aEconomics
700 _a Baldwin Robert E.
_9760765
942 _cTEXL
_h330.9, MEI
999 _c1334274
_d1334274